[Event "Barcelona Sant Marti op 9th"]
[Site "Barcelona"]
[Date "2020.03.05"]
[Round "8"]
[White "Niubo Calvo, Juan"]
[Black "Busom Isach, Carlos"]
[Result "0-1"]
[WhiteElo "1768"]
[BlackElo "2060"]
[PlyCount "76"]
[EventDate "2020.01.16"]
[EventType "swiss"]
[EventRounds "9"]
[EventCountry "ESP"]
[SourceTitle "CBM 195 Extra"]
[Source "ChessBase"]
[SourceDate "2020.05.31"]
[SourceVersion "1"]
[SourceVersionDate "2020.05.31"]
[SourceQuality "1"]

1. e4 e5 2. Nf3 Nf6 3. Nc3 Nc6 4. Bc4 Nxe4 5. Bxf7+ Kxf7 6. Nxe4 d5 7. Neg5+ Kg8 8. d3 h6 9. Nh3 Bg4 10. c3 Qd7 11. Nhg1 Be7 12. h3 Be6 13. Ne2 Kh7 14. Qc2 Rhf8 15. h4 Bg4 16. Ng5+ hxg5 17. hxg5+ Kg8 18. f3 Bf5 19. g4 Bg6 20. Rh3 Kf7 21. Ng3 Ke8 22. Qe2 Kd8 23. Bd2 Kc8 24. 0-0-0 b6 25. Nh5 Bd6 26. Rdh1 Kb7 27. Be1 Rae8 28. Bg3 Rf7 29. b4 a6 30. Be1 d4 31. c4 Bxb4 32. Bxb4 Nxb4 33. Rd1 Qa4 34. Kb1 Nxa2 35. Qd2 Nc3+ 36. Kc1 Qa1+ 37. Kc2 Qa2+ 38. Kc1 Qb1# 0-1

[Event "Igualada op 14th"]
[Site "Igualada"]
[Date "2019.02.16"]
[Round "6"]
[White "Vilella Bertran, Joan"]
[Black "Busom Isach, Carlos"]
[Result "1/2-1/2"]
[WhiteElo "2020"]
[BlackElo "2067"]
[PlyCount "74"]
[EventDate "2019.01.12"]
[EventType "swiss"]
[EventRounds "8"]
[EventCountry "ESP"]
[SourceTitle "CBM 189 Extra"]
[Source "ChessBase"]
[SourceDate "2019.06.03"]
[SourceVersion "1"]
[SourceVersionDate "2019.06.03"]
[SourceQuality "1"]

1. c4 d6 2. g3 e5 3. Bg2 Nc6 4. Nc3 Be6 5. d3 Qd7 6. Rb1 g6 7. b4 Bg7 8. b5 Nd8 9. a4 Ne7 10. Ba3 0-0 11. Qb3 Kh8 12. h4 h6 13. e3 f5 14. Nge2 Bg8 15. Rd1 Rb8 16. 0-0 Ne6 17. f4 Rfe8 18. fxe5 Bxe5 19. d4 Bg7 20. Nd5 c6 21. Nxe7 Qxe7 22. Bb2 Nf8 23. Rd3 Nd7 24. Nf4 Kh7 25. Qc2 Nf6 26. Rb3 Ne4 27. Bxe4 Qxe4 28. Qxe4 fxe4 29. d5 cxd5 30. cxd5 Rbc8 31. Bxg7 Kxg7 32. Rb4 Rc3 33. Re1 g5 34. hxg5 hxg5 35. Nh5+ Kg6 36. g4 Rf8 37. Rxe4 Rc2 1/2-1/2

[Event "Maresme op 15th"]
[Site "Maresme"]
[Date "2018.12.01"]
[Round "9"]
[White "Santos Ramos, Carlos"]
[Black "Busom Isach, Carlos"]
[Result "0-1"]
[WhiteElo "1825"]
[BlackElo "2057"]
[PlyCount "114"]
[EventDate "2018.09.29"]
[EventType "swiss"]
[EventRounds "9"]
[EventCountry "ESP"]
[SourceTitle "EXT 2024"]
[Source "ChessBase"]
[SourceDate "2023.10.10"]
[SourceVersion "1"]
[SourceVersionDate "2023.10.10"]
[SourceQuality "1"]

1. Nf3 d6 2. g3 e5 3. d3 f5 4. Bg2 Nf6 5. 0-0 Be7 6. Nc3 0-0 7. e4 Nc6 8. exf5 Bxf5 9. Ng5 h6 10. Nge4 Qd7 11. Nxf6+ Bxf6 12. Nd5 Bd8 13. Ne3 Bh3 14. Bd5+ Be6 15. Be4 d5 16. Bg6 Ne7 17. Bh5 Kh7 18. Re1 Nc6 19. Ng2 Bf6 20. c3 Rad8 21. f4 Bf5 22. fxe5 Nxe5 23. d4 Nd3 24. Re3 Nxc1 25. Rxc1 Bg5 26. Nf4 Bxf4 27. gxf4 Be4 28. Bg4 Qf7 29. f5 Qf6 30. Rg3 Bxf5 31. Bxf5+ Qxf5 32. Qd3 Rde8 33. Rf1 Qxd3 34. Rxd3 Rxf1+ 35. Kxf1 Re4 36. Kf2 g5 37. Rf3 Kg6 38. Rf8 Rf4+ 39. Rxf4 gxf4 40. Kf3 Kg5 41. a4 h5 42. b3 c6 43. c4 Kf5 44. c5 h4 45. b4 h3 46. b5 a6 47. bxc6 bxc6 48. a5 Kg5 49. Kf2 Kg4 50. Ke2 f3+ 51. Ke3 f2 52. Kxf2 Kf4 53. Ke2 Ke4 54. Kf2 Kxd4 55. Kg3 Ke3 56. Kxh3 d4 57. Kg4 d3 0-1

[Event "Roncana op 11th"]
[Site "Santa Eulalia de Roncana"]
[Date "2017.11.11"]
[Round "7"]
[White "Busom Isach, Carlos"]
[Black "Centelles Vivas, Aleix"]
[Result "0-1"]
[WhiteElo "2155"]
[BlackElo "1848"]
[PlyCount "71"]
[EventDate "2017.09.23"]
[EventType "swiss"]
[EventRounds "8"]
[EventCountry "ESP"]
[SourceTitle "CBM 187 Extra"]
[Source "ChessBase"]
[SourceDate "2018.11.04"]
[SourceVersion "1"]
[SourceVersionDate "2018.11.04"]
[SourceQuality "1"]

1. e3 d6 2. d4 Nf6 3. Bd3 g6 4. Nd2 Bg7 5. Ne2 Nc6 6. c3 0-0 7. Ng3 e5 8. a3 Re8 9. 0-0 Bd7 10. b4 a6 11. Bb2 Qe7 12. Qc2 Ng4 13. h3 Nh6 14. Kh2 Kh8 15. a4 Qh4 16. Nf3 Qe7 17. b5 axb5 18. axb5 Rxa1 19. Rxa1 Nd8 20. Kg1 Ne6 21. Ba3 Ng5 22. Nxg5 Qxg5 23. Bc1 Qh4 24. Bf1 Qe7 25. Bb2 f5 26. dxe5 dxe5 27. Ra7 Bc8 28. c4 Nf7 29. Ba3 Qg5 30. Qd1 Rd8 31. Qe1 h5 32. Kh1 h4 33. Ne2 Qf6 34. Bb2 Qe7 35. Qa1 b6 36. Nd4 0-1

[Event "Roncana op 11th"]
[Site "Santa Eulalia de Roncana"]
[Date "2017.10.28"]
[Round "5"]
[White "Busom Isach, Carlos"]
[Black "Ramon Herraez, Alex"]
[Result "1-0"]
[WhiteElo "2155"]
[BlackElo "1767"]
[PlyCount "59"]
[EventDate "2017.09.23"]
[EventType "swiss"]
[EventRounds "8"]
[EventCountry "ESP"]
[SourceTitle "CBM 187 Extra"]
[Source "ChessBase"]
[SourceDate "2018.11.04"]
[SourceVersion "1"]
[SourceVersionDate "2018.11.04"]
[SourceQuality "1"]

1. d4 d5 2. Bf4 Nf6 3. e3 Bf5 4. f3 e6 5. g4 Bg6 6. h4 h6 7. c3 Be7 8. Qb3 Qc8 9. h5 Bh7 10. Nd2 Nbd7 11. Nh3 a6 12. Nf2 Nb6 13. Bd3 Bxd3 14. Nxd3 Qd7 15. a4 a5 16. Ne5 Qc8 17. 0-0-0 Nbd7 18. Rdg1 c5 19. Qc2 cxd4 20. exd4 Nh7 21. Nxf7 Kxf7 22. Qg6+ Kf8 23. Qxe6 Ndf6 24. Qe3 Kf7 25. Qd3 Re8 26. Qg6+ Kf8 27. g5 hxg5 28. h6 gxh6 29. Rxh6 Qe6 30. Rxh7 1-0

[Event "Mataro Maresme op-A 13th"]
[Site "Mataro"]
[Date "2016.12.02"]
[Round "9"]
[White "Rosich Valles, Alfredo"]
[Black "Busom Isach, Carlos"]
[Result "1/2-1/2"]
[WhiteElo "2384"]
[BlackElo "2164"]
[PlyCount "39"]
[EventDate "2016.10.08"]
[EventType "swiss"]
[EventRounds "9"]
[EventCountry "ESP"]
[SourceTitle "EXT 2018"]
[Source "ChessBase"]
[SourceDate "2017.10.13"]
[SourceVersion "1"]
[SourceVersionDate "2017.10.13"]
[SourceQuality "1"]

1. e4 d6 2. d4 g6 3. Bc4 c6 4. a4 d5 5. exd5 cxd5 6. Bb5+ Bd7 7. Nc3 a6 8. Bxd7+ Qxd7 9. Qf3 e6 10. Nge2 Bg7 11. 0-0 Nc6 12. Rd1 Nge7 13. Nb1 0-0 14. c3 Nf5 15. Nd2 Nd6 16. Nb3 b6 17. a5 Nxa5 18. Nxa5 bxa5 19. Rxa5 Nc4 20. Ra1 1/2-1/2

[Event "Mataro Maresme op-A 13th"]
[Site "Mataro"]
[Date "2016.11.12"]
[Round "6"]
[White "Gonzalez Moreno, Antoni"]
[Black "Busom Isach, Carlos"]
[Result "0-1"]
[WhiteElo "1805"]
[BlackElo "2164"]
[PlyCount "54"]
[EventDate "2016.10.08"]
[EventType "swiss"]
[EventRounds "9"]
[EventCountry "ESP"]
[SourceTitle "EXT 2018"]
[Source "ChessBase"]
[SourceDate "2017.10.13"]
[SourceVersion "1"]
[SourceVersionDate "2017.10.13"]
[SourceQuality "1"]

1. c4 d6 2. Nc3 e5 3. g3 f5 4. e3 Nf6 5. Bg2 g6 6. Nge2 Bg7 7. Qc2 c6 8. b3 0-0 9. Bb2 Be6 10. d4 e4 11. Nf4 Bf7 12. 0-0 Na6 13. a3 Nc7 14. Rfd1 g5 15. Nfe2 Bh5 16. Rf1 Qe8 17. Qd2 Bf3 18. Kh1 Qh5 19. Ng1 Rae8 20. Bxf3 exf3 21. Qd1 g4 22. Qd3 Ne4 23. Nge2 fxe2 24. Nxe2 Ne6 25. Nf4 Nxf4 26. exf4 Re6 27. Kg2 Qh3+ 0-1

[Event "Barcelona Tardor op 2nd"]
[Site "Barcelona"]
[Date "2014.11.24"]
[Round "8"]
[White "Busom Isach, Carlos"]
[Black "Pla Carulla, Joaquim"]
[Result "1-0"]
[WhiteElo "2286"]
[BlackElo "1907"]
[PlyCount "59"]
[EventDate "2014.10.06"]
[EventType "swiss"]
[EventRounds "8"]
[EventCountry "ESP"]
[SourceTitle "EXT 2017"]
[Source "ChessBase"]
[SourceDate "2016.10.25"]
[SourceVersion "1"]
[SourceVersionDate "2016.10.25"]
[SourceQuality "1"]

1. e4 e6 2. d3 c5 3. Nd2 Nc6 4. g3 Nf6 5. Bg2 d5 6. f4 dxe4 7. dxe4 Be7 8. h3 0-0 9. Ne2 Qc7 10. 0-0 b6 11. g4 Rd8 12. Ng3 g6 13. c3 Rd3 14. Rf3 Ba6 15. Rxd3 Bxd3 16. Qf3 Rd8 17. g5 Ne8 18. Ndf1 c4 19. Be3 Nd6 20. Nh2 Ne8 21. Ng4 Bc5 22. Bxc5 bxc5 23. Rd1 Ne7 24. Ne5 Qb6 25. Qf2 f5 26. gxf6 Nxf6 27. b3 cxb3 28. Rxd3 Rxd3 29. Nxd3 bxa2 30. Qxa2 1-0

[Event "Barcelona Tardor op 2nd"]
[Site "Barcelona"]
[Date "2014.10.27"]
[Round "4"]
[White "Masferrer Andreu, Josep Miquel"]
[Black "Busom Isach, Carlos"]
[Result "0-1"]
[WhiteElo "1862"]
[BlackElo "2286"]
[PlyCount "112"]
[EventDate "2014.10.06"]
[EventType "swiss"]
[EventRounds "8"]
[EventCountry "ESP"]
[SourceTitle "EXT 2016"]
[Source "ChessBase"]
[SourceDate "2015.10.08"]
[SourceVersion "1"]
[SourceVersionDate "2015.10.08"]
[SourceQuality "1"]

1. d4 d5 2. Nf3 c6 3. e3 Bg4 4. Be2 Nd7 5. Nbd2 e6 6. c3 Ngf6 7. Qc2 Bd6 8. e4 Nxe4 9. Nxe4 dxe4 10. Qxe4 Nf6 11. Qc2 Qc7 12. h3 Bh5 13. Be3 Nd5 14. Bd2 Nf4 15. Bxf4 Bxf4 16. Ng1 Bg6 17. Bd3 0-0-0 18. Bxg6 hxg6 19. Ne2 Bg5 20. Rd1 Be7 21. Rd3 c5 22. 0-0 g5 23. f4 Kb8 24. fxg5 Bxg5 25. Kh1 Bf6 26. Rfd1 cxd4 27. Nxd4 a6 28. Ne2 Qe5 29. Nd4 Qf4 30. Qd2 Qxd2 31. R3xd2 Kc7 32. Kg1 Rh5 33. Nf3 Rxd2 34. Rxd2 b5 35. Kf2 Kc6 36. Ke2 Rd5 37. Rxd5 Kxd5 38. Kd3 e5 39. Nd2 Be7 40. g4 g6 41. c4+ bxc4+ 42. Nxc4 f5 43. gxf5 gxf5 44. Ne3+ Ke6 45. a3 e4+ 46. Kc4 Bg5 47. Kd4 Bf6+ 48. Kc5 Bxb2 49. a4 f4 50. Nc4 Bf6 51. Nd2 Ke5 52. Nc4+ Ke6 53. Nd2 e3 54. Nf3 Kf5 55. Kd5 e2 56. Kc4 Ke4 0-1

[Event "Barcelona La Lira op 32nd"]
[Site "Barcelona"]
[Date "2014.02.20"]
[Round "6"]
[White "Walter Travella, German"]
[Black "Busom Isach, Carlos"]
[Result "0-1"]
[WhiteElo "1920"]
[BlackElo "2190"]
[PlyCount "50"]
[EventDate "2014.01.16"]
[EventType "swiss"]
[EventRounds "9"]
[EventCountry "ESP"]
[SourceTitle "EXT 2015"]
[Source "ChessBase"]
[SourceDate "2014.11.20"]
[SourceVersion "1"]
[SourceVersionDate "2014.11.20"]
[SourceQuality "1"]

1. e4 e5 2. Nf3 Nc6 3. Bb5 a6 4. Bxc6 dxc6 5. d3 f6 6. h3 Be6 7. Be3 c5 8. Nc3 Qd7 9. a4 b6 10. Qe2 a5 11. Nd2 Ne7 12. f4 exf4 13. Bxf4 Ng6 14. Bg3 Bd6 15. Bxd6 Qxd6 16. Qe3 0-0-0 17. Nb5 Qe5 18. c3 Qf4 19. Ke2 Rhe8 20. d4 Bc4+ 21. Nxc4 Rxe4 22. Rhf1 Rxe3+ 23. Nxe3 Qe4 24. g3 Re8 25. Rf3 Qc2+ 0-1

[Event "Llobregat op 3rd"]
[Site "Llobregat"]
[Date "2011.04.02"]
[Round "1"]
[White "Manosas Vila, Ester"]
[Black "Busom Isach, Carlos"]
[Result "0-1"]
[WhiteElo "1743"]
[BlackElo "2184"]
[PlyCount "86"]
[EventDate "2011.04.02"]
[EventType "swiss"]
[EventRounds "7"]
[EventCountry "ESP"]
[SourceTitle "CBM 142 Extra"]
[Source "ChessBase"]
[SourceDate "2011.06.27"]
[SourceVersion "1"]
[SourceVersionDate "2011.06.27"]
[SourceQuality "1"]

1. e4 d6 2. d4 Nf6 3. Nc3 g6 4. g3 Bg7 5. Bg2 0-0 6. Nge2 Nbd7 7. 0-0 e5 8. h3 c6 9. a4 a5 10. Be3 Re8 11. Re1 Qe7 12. Qd2 h5 13. Rad1 Kh7 14. Bg5 Qf8 15. f4 Ng8 16. Rf1 Nh6 17. f5 gxf5 18. exf5 f6 19. Be3 Ng8 20. Qd3 Bh6 21. Bf2 d5 22. Be3 b6 23. Bxh6 Qxh6 24. dxe5 Nxe5 25. Qd4 Rb8 26. Nf4 Qg5 27. Nce2 Ba6 28. h4 Qg4 29. Bh3 Nf3+ 30. Rxf3 Qxf3 31. Bf1 Bxe2 32. Nxe2 Rxe2 33. Bxe2 Qxe2 34. Rd2 Qe1+ 35. Kg2 Re8 36. Qf4 Qe4+ 37. Qxe4 Rxe4 38. b3 Nh6 39. Kf3 Nxf5 40. c4 Re5 41. cxd5 Rxd5 42. Rxd5 cxd5 43. Kf4 Kg6 0-1

[Event "Catalunya-ch"]
[Site "Barcelona"]
[Date "2002.03.30"]
[Round "7.7"]
[White "Baches Garcia, Guillermo"]
[Black "Busom Isach, Carlos"]
[Result "1/2-1/2"]
[WhiteElo "2374"]
[BlackElo "2244"]
[PlyCount "51"]
[EventDate "2002.03.24"]
[EventType "swiss"]
[EventRounds "9"]
[EventCountry "ESP"]
[SourceTitle "EXT 2003"]
[Source "ChessBase"]
[SourceDate "2002.11.25"]
[SourceVersion "1"]
[SourceVersionDate "2002.11.25"]
[SourceQuality "1"]

1. e4 e6 2. Nf3 d5 3. exd5 exd5 4. d4 Nf6 5. Bd3 Bd6 6. 0-0 0-0 7. h3 Re8 8. c4 dxc4 9. Bxc4 Be6 10. Bd3 Nc6 11. Nc3 Nb4 12. Bb1 c6 13. a3 Nbd5 14. Ng5 Nxc3 15. bxc3 Bc4 16. Bd3 Bxd3 17. Qxd3 h6 18. Nf3 b5 19. a4 a6 20. c4 Qd7 21. Bb2 Rab8 22. Ra2 bxc4 23. Qxc4 Qe6 24. Qxe6 Rxe6 25. Ba3 Bxa3 26. Rxa3 1/2-1/2

[Event "Barcelona Rubi op 3rd"]
[Site "Barcelona"]
[Date "2002.??.??"]
[Round "?"]
[White "Busom Isach, Carlos"]
[Black "Fernandez Cazorla, Antonio"]
[Result "1-0"]
[WhiteElo "2244"]
[BlackElo "2233"]
[PlyCount "87"]
[EventDate "2002.04.27"]
[EventType "swiss"]
[EventRounds "9"]
[EventCountry "ESP"]
[SourceTitle "EXT 2003"]
[Source "ChessBase"]
[SourceDate "2002.11.25"]
[SourceVersion "1"]
[SourceVersionDate "2002.11.25"]
[SourceQuality "1"]

1. e4 d6 2. d4 Nf6 3. Nc3 g6 4. Nf3 Bg7 5. Be2 0-0 6. 0-0 c6 7. Re1 Qc7 8. Bf4 Nh5 9. Bg5 e5 10. h3 h6 11. Be3 Nf4 12. Bf1 g5 13. dxe5 dxe5 14. Nd2 Be6 15. Kh2 Nd7 16. g3 Ng6 17. Qe2 f6 18. Qh5 Ne7 19. Bc4 Bxc4 20. Nxc4 b5 21. Nd2 Rfd8 22. Nb3 f5 23. exf5 Nxf5 24. Qg4 Rf8 25. Ne4 Nxe3 26. Rxe3 Nf6 27. Nxf6+ Rxf6 28. Rf3 Rxf3 29. Qxf3 Rf8 30. Qe3 e4 31. Rf1 Bxb2 32. Qxe4 Bg7 33. Nc5 Rf6 34. Qe8+ Kh7 35. Nd7 Rd6 36. Nf8+ Bxf8 37. Qxf8 Rd8 38. Qf5+ Kg7 39. Re1 Rf8 40. Qc5 Rf7 41. Qd4+ Kh7 42. Re8 Kg6 43. Re6+ Kh7 44. Qe4+ 1-0

[Event "Catalunya-ch"]
[Site "Barcelona"]
[Date "2002.??.??"]
[Round "9"]
[White "Serrano Aspa, Xavier"]
[Black "Busom Isach, Carlos"]
[Result "1-0"]
[WhiteElo "2141"]
[BlackElo "2244"]
[PlyCount "83"]
[EventDate "2002.03.24"]
[EventType "swiss"]
[EventRounds "9"]
[EventCountry "ESP"]
[SourceTitle "EXT 2003"]
[Source "ChessBase"]
[SourceDate "2002.11.25"]
[SourceVersion "1"]
[SourceVersionDate "2002.11.25"]
[SourceQuality "1"]

1. b3 e5 2. Bb2 Nc6 3. e3 d6 4. Bb5 Nge7 5. d4 a6 6. Bxc6+ Nxc6 7. dxe5 dxe5 8. Qxd8+ Kxd8 9. Nc3 Bd6 10. Nf3 f6 11. 0-0-0 Ke7 12. Nd2 Be6 13. Nde4 Rad8 14. Nxd6 cxd6 15. Ba3 Na7 16. Rd3 Nc8 17. Rhd1 Bf5 18. e4 Be6 19. Nd5+ Kf7 20. Ne3 Ke7 21. c4 Rd7 22. g3 b5 23. cxb5 axb5 24. Nd5+ Kf7 25. Nc3 Rb7 26. Bxd6 Nxd6 27. Rxd6 Rc8 28. Kb2 g5 29. f3 h5 30. Rd8 Rxd8 31. Rxd8 h4 32. Nd5 hxg3 33. hxg3 g4 34. fxg4 Bxg4 35. Rd6 f5 36. exf5 e4 37. Rf6+ Ke8 38. Re6+ Kf8 39. Rxe4 Bf3 40. Re5 Rg7 41. Nf4 Rxg3 42. Rxb5 1-0

[Event "Sitges op"]
[Site "Sitges"]
[Date "1998.??.??"]
[Round "?"]
[White "Busom Isach, Carlos"]
[Black "Rohl Montes, Juan Armando"]
[Result "1/2-1/2"]
[WhiteElo "2265"]
[BlackElo "2375"]
[PlyCount "36"]
[EventDate "1998.??.??"]
[EventType "swiss"]
[EventRounds "9"]
[EventCountry "ESP"]
[SourceTitle "EXT 2003"]
[Source "ChessBase"]
[SourceDate "2002.11.25"]
[SourceVersion "1"]
[SourceVersionDate "2002.11.25"]
[SourceQuality "1"]

1. d4 Nf6 2. c4 d6 3. Nc3 g6 4. Nf3 Bg7 5. Bf4 0-0 6. e3 Nc6 7. h3 Nd7 8. Be2 e5 9. Bh2 f5 10. Rb1 exd4 11. exd4 Re8 12. 0-0 Nf6 13. d5 Ne7 14. Bd3 h6 15. Re1 Bd7 16. Qe2 a5 17. Rbd1 Kh7 18. b3 Neg8 1/2-1/2

[Event "Sitges op"]
[Site "Sitges"]
[Date "1998.??.??"]
[Round "?"]
[White "Pedersen, Nicolai Vesterbaek"]
[Black "Busom Isach, Carlos"]
[Result "1/2-1/2"]
[WhiteElo "2315"]
[BlackElo "2265"]
[PlyCount "75"]
[EventDate "1998.??.??"]
[EventType "swiss"]
[EventRounds "9"]
[EventCountry "ESP"]
[SourceTitle "EXT 2003"]
[Source "ChessBase"]
[SourceDate "2002.11.25"]
[SourceVersion "1"]
[SourceVersionDate "2002.11.25"]
[SourceQuality "1"]

1. d4 e6 2. c4 Bb4+ 3. Bd2 a5 4. Nf3 d6 5. Nc3 Nd7 6. Qc2 Qe7 7. e3 Ngf6 8. Be2 0-0 9. a3 Bxc3 10. Bxc3 b6 11. b4 axb4 12. axb4 Rxa1+ 13. Bxa1 Bb7 14. 0-0 Ra8 15. Nd2 Qf8 16. Bc3 Ra7 17. Qb2 Qa8 18. f3 Ra2 19. Ra1 Rxa1+ 20. Qxa1 Qxa1+ 21. Bxa1 Kf8 22. Kf2 Ke7 23. e4 c6 24. Ke3 Ne8 25. Bc3 Bc8 26. Nb3 Ba6 27. Bd3 h6 28. f4 f6 29. e5 fxe5 30. dxe5 dxe5 31. Bxe5 c5 32. bxc5 Nxc5 33. Nxc5 bxc5 34. g4 Nf6 35. h3 g5 36. Bb2 Bb7 37. Bf1 Kf7 38. Ba3 1/2-1/2